Để hoàn thành tốt luận văn ngành luật : Dùng chi sinh viên, học viên Cao học và Nghiên cứu sinh

Cung cấp các kỹ năng và phương pháp cần thiết như : phươn gpháp nghiên cứu, viết lách, cách thức tìm tài liệu, trình bày, bảo vệ luận văn, luận án... ở tất cả các khâu từ khi chọn đề tài đếnkhi bảo vệ thành công...

पूर्ण विवरण

में बचाया:
ग्रंथसूची विवरण
मुख्य लेखक: Phan, Trung Hiền
स्वरूप: पुस्तक
भाषा:Undetermined
प्रकाशित: Hà Nội Chính trị Quốc gia Sự thật 2018
विषय:
टैग : टैग जोड़ें
कोई टैग नहीं, इस रिकॉर्ड को टैग करने वाले पहले व्यक्ति बनें!
Thư viện lưu trữ: Trung tâm Học liệu Trường Đại học Cần Thơ
LEADER 01151nam a2200253Ia 4500
001 CTU_229509
008 210402s9999 xx 000 0 und d
020 |c 107000 
082 |a 340.072 
082 |b H305 
100 |a Phan, Trung Hiền 
245 0 |a Để hoàn thành tốt luận văn ngành luật : 
245 0 |b Dùng chi sinh viên, học viên Cao học và Nghiên cứu sinh 
245 0 |c Phan Trung Hiền 
260 |a Hà Nội 
260 |b Chính trị Quốc gia Sự thật 
260 |c 2018 
520 |a Cung cấp các kỹ năng và phương pháp cần thiết như : phươn gpháp nghiên cứu, viết lách, cách thức tìm tài liệu, trình bày, bảo vệ luận văn, luận án... ở tất cả các khâu từ khi chọn đề tài đếnkhi bảo vệ thành công 
526 |a Phương pháp nghiên cứu khoa học luật 
526 |b KL601 
650 |a Law,Luật pháp 
650 |x Research,Nghiên cứu 
904 |i Hải 
980 |a Trung tâm Học liệu Trường Đại học Cần Thơ